A prova civil

Bibliographic Details
Main Author: Carnelutti, Francesco
Format: Book
Language:Portuguese
Published: Barcelona Pillares 2016
Subjects:
Online Access:Acceso restringido

MARC

LEADER 00000nam a22000007a 4500
005 2016051906486.0
007 cr|||| ||u|
008 160519s2016 bl ||||| |||| 00||0 por d
020 |a 978-85-8183-054-4 
035 |a 14221 
040 |a vLex  
090 |c 6084  |d 6084 
100 1 |a Carnelutti, Francesco 
245 1 3 |a A prova civil  |h [Recurso electrn̤ico] /  |c Francesco Carnelutti 
256 |a Servicio en ln̕ea  
260 |a Barcelona   |b Pillares  |c 2016 
300 |a 1 recurso electrn̤ico  
506 1 |a Contenido solo disponible en los productos indicados  |d vLex Global  |d vLex Global (Academic Edition, excluding Law Schools)  |d vLex Global (U.S. Academic Edition, Law Schools)  |d vLex Global (U.S. Academic Edition, excluding Law Schools)  |d vLex Global (Academic Edition, Law Schools) 
650 0 4 |a Dret civil   |z Brasil  
740 0 |a vLex libros (servicio en ln̕ea)  
856 4 0 |u http://vlex.com/source/prova-civil-14221  |z Acceso restringido 
942 |c BOOK 
999 0 |a Civil Law  |b Brasil